Basic community laws

Salvato in:
Dettagli Bibliografici
Natura: Libro
Lingua:inglese
Pubblicazione: Oxford Oxford University Press 1999
Edizione:7th ed.
Soggetti:
Tags: Aggiungi Tag
Nessun Tag, puoi essere il primo ad aggiungerne!!

MARC

LEADER 00000nam a2200000 4500
001 c117272
005 20240227101119.0
020 |a 0-19-876554-1 
041 0 |a eng 
044 |a GB 
245 1 0 |a Basic community laws  |c edited by Bernard Rudden and Derrick Wyatt 
250 |a 7th ed. 
264 1 |a Oxford  |b Oxford University Press  |c 1999 
300 |a [379] s. 
610 2 0 |a pohyb tovaru 
610 2 0 |a poľnohospodárstvo 
610 2 0 |a zamestnanci 
610 2 0 |a pohyb síl pracovných 
610 2 0 |a migrácia 
610 2 0 |a doprava 
610 2 0 |a konkurencia 
610 2 0 |a zdaňovanie 
610 2 0 |a politika hospodárska 
610 2 0 |a politika peňažná 
610 2 0 |a politika obchodná 
610 2 0 |a politika sociálna 
610 2 0 |a kultúra 
610 2 0 |a zdravie 
610 2 0 |a priemysel 
610 2 0 |a organizácie ekonomické medzinárodné 
610 2 0 |a parlamenty 
610 2 0 |a práva pracovníkov 
610 2 0 |a Európske spoločenstvá 
610 2 0 |a Európska únia